Top 10 French Goalscorers in UCL - Statistics

General Stats
  • This quiz has been taken 37 times
  • The average score is 7 of 10
Answer Stats
Goals Player % Correct
68 Kylian Mbappé
100%
24 Oliviee Giroud
95%
50 Thierry Henry
95%
90 Karim Benzema
89%
43 Antoine Griezmann
73%
21 Ousmane Dembélé
59%
29 David Trezeguet
51%
18 Franck Ribéry
51%
20 Nicolas Anelka
38%
28 Jean-Pierre Papin
27%
No matching quizzes found
Score Distribution
Percent of People with Each Score
Percentile by Number Answered
Your Score History
You have not taken this quiz